Países e Territórios na Placa Sul-Americana - Statistics

Estatísticas Gerais
  • Esse quiz foi jogado 48 vezes
  • A pontuação média é 14 de 18
Estatísticas das Respostas
País % Correto
Argentina
95%
Bolívia
95%
Brasil
95%
Chile
95%
Colômbia
95%
Equador
95%
Guiana
93%
Venezuela
93%
Paraguai
88%
Peru
88%
Suriname
88%
Guiana Francesa (França)
86%
Uruguai
86%
Ilhas Falkland (Reino Unido)
56%
Trinidad e Tobago
53%
Anguilla (Reino Unido)
44%
Granada
33%
Barbados
30%
Nenhum quiz correspondente encontrado
Distribuição das Pontuações
Porcentagem de Pessoas com Cada Pontuação
Percentil de Números Respondidos
Sua Pontuação Histórica
Você não jogou esse quiz